Botanique et Biologie Végétale Annales des Sciences Naturelles
Đã lưu trong:
| Format: | Bog |
|---|---|
| Sprog: | Undetermined |
| Udgivet: |
Paris
1972
|
| Fag: | |
| Tags: |
Tilføj Tag
Ingen Tags, Vær først til at tagge denne postø!
|
| Thư viện lưu trữ: | Trung tâm Học liệu Trường Đại học Cần Thơ |
|---|
| LEADER | 00459nam a2200157Ia 4500 | ||
|---|---|---|---|
| 001 | CTU_28121 | ||
| 008 | 210402s9999 xx 000 0 und d | ||
| 082 | |a 630.281 | ||
| 082 | |b B718 | ||
| 245 | 0 | |a Botanique et Biologie Végétale | |
| 245 | 0 | |b Annales des Sciences Naturelles | |
| 260 | |a Paris | ||
| 260 | |c 1972 | ||
| 650 | |a botany - anatomy - vegetable - varieties | ||
| 904 | |i Sáng, 981007 | ||
| 980 | |a Trung tâm Học liệu Trường Đại học Cần Thơ | ||